[Event "Catalunya Club op"]
[Site "Spain"]
[Date "1999.??.??"]
[Round "?"]
[White "Piqueras Mateo, Pere"]
[Black "Arevalo, JM."]
[Result "1-0"]
[WhiteElo "1990"]
[BlackElo "1925"]
[PlyCount "77"]
[EventDate "1999.??.??"]
[EventType "swiss"]
[EventRounds "9"]
[EventCountry "ESP"]
[SourceTitle "EXT 2000"]
[Source "ChessBase"]
[SourceDate "1999.11.16"]
[SourceVersion "1"]
[SourceVersionDate "1999.11.16"]
[SourceQuality "1"]

1. e4 c5 2. d4 e6 3. Nf3 cxd4 4. c3 dxc3 5. Nxc3 a6 6. Bc4 Nc6 7. Qe2 Bb4 8. 0-0 Bxc3 9. bxc3 Nge7 10. Rd1 0-0 11. a4 Qc7 12. Ba3 Re8 13. Bd6 Qa5 14. Qd3 Qh5 15. Rab1 f5 16. e5 Ng6 17. Qe3 Qg4 18. Be2 Qxa4 19. Nd4 Nxd4 20. Rxd4 Qa5 21. Bh5 Qd8 22. Bxg6 hxg6 23. Qg3 Kf7 24. Rh4 b5 25. Rh7 Rh8 26. Rxh8 Qxh8 27. Qg5 Qe8 28. h4 Bb7 29. h5 gxh5 30. Qxh5+ Kg8 31. Qg5 Rc8 32. Rb4 Rc4 33. f3 Rxc3 34. Rh4 Rc4 35. Rh6 Rc8 36. Rg6 Qf7 37. Be7 Rc1+ 38. Kh2 Kh8 39. Rxg7 1-0